| 000 | 00397nam a2200169Ia 4500 | ||
|---|---|---|---|
| 008 | 180424s9999 xx 000 0 und d | ||
| 084 | _aT4 P2 | ||
| 100 | _a"Pandurangan, A" | ||
| 245 | 0 | _aKappiya Nokil Kambaramayanam | |
| 250 | _a\\198900TAMGPCX | ||
| 260 | _aNCBH | ||
| 260 | _b1989 | ||
| 260 | _cMadras | ||
| 300 | _axvii+296p | ||
| 500 | _aincludes index and biblioraphy | ||
| 942 | _cBK | ||
| 999 |
_c81290 _d81290 |
||